000 00641cam a22002293a 4500
001 27316
003 PGUSA
005 20140828083606.0
008 081123s2008||||xxu|||||s|||||000 | eng d
040 _aPGUSA
_beng
042 _adc
050 4 _aBV
100 1 _aMoody, Dwight Lyman,
_d1837-1899
245 1 0 _aThat Gospel Sermon on the Blessed Hope
_h[electronic resource] /
_cDwight Lyman Moody
260 _bProject Gutenberg,
_c2008
506 _aPublic domain in the USA.
516 _aElectronic text
653 _aSermons
830 0 _aProject Gutenberg
_v27316
856 4 0 _uhttp://www.gutenberg.org/ebooks/27316
942 _cEB
999 _c256571
_d256571